Central Library || Chittagong University

Philosophy of language / (Record no. 112714)

MARC details
000 -LEADER
fixed length control field 00575nam a22002057a 4500
003 - CONTROL NUMBER IDENTIFIER
control field BD-ChCU
005 - DATE AND TIME OF LATEST TRANSACTION
control field 20260506102439.0
008 - FIXED-LENGTH DATA ELEMENTS--GENERAL INFORMATION
fixed length control field 260506b nu ||||| |||| 00| 0 eng d
020 ## - INTERNATIONAL STANDARD BOOK NUMBER
International Standard Book Number 978-0136637998
040 ## - CATALOGING SOURCE
Transcribing agency BD-ChCU
082 ## - DEWEY DECIMAL CLASSIFICATION NUMBER
Edition number 23
Classification number 401 A461p
100 ## - MAIN ENTRY--PERSONAL NAME
Personal name Alston, William P.
9 (RLIN) 22466
245 ## - TITLE STATEMENT
Title Philosophy of language /
Statement of responsibility, etc. William P Alston.
260 ## - PUBLICATION, DISTRIBUTION, ETC.
Place of publication, distribution, etc. New Joursy :
Name of publisher, distributor, etc. Prentice-Hall,
Date of publication, distribution, etc. 1964
300 ## - PHYSICAL DESCRIPTION
Extent 113 P. :
504 ## - BIBLIOGRAPHY, ETC. NOTE
Bibliography, etc. note Includes.
650 #0 - SUBJECT ADDED ENTRY--TOPICAL TERM
Topical term or geographic name entry element Language and language philosophy.
9 (RLIN) 22468
700 ## - ADDED ENTRY--PERSONAL NAME
Personal name Elizabeth.
Relator term Editor
9 (RLIN) 22469
942 ## - ADDED ENTRY ELEMENTS (KOHA)
Source of classification or shelving scheme Dewey Decimal Classification
Koha item type Books
Suppress in OPAC No
Holdings
Withdrawn status Lost status Source of classification or shelving scheme Damaged status Not for loan Home library Current library Shelving location Date acquired Source of acquisition Total Checkouts Full call number Barcode Date last seen Copy number Price effective from Koha item type
    Dewey Decimal Classification     Chittagong University Library Chittagong University Library Arts and Humanities Reading Room 05/06/2026 purchase   401 A461p 343474 05/06/2026 C-1 05/06/2026 Books
    Dewey Decimal Classification     Chittagong University Library Chittagong University Library Arts and Humanities Reading Room 05/06/2026 purchase   401 A461p 343475 05/06/2026 C-2 05/06/2026 Books
    Dewey Decimal Classification     Chittagong University Library Chittagong University Library Arts and Humanities Reading Room 05/06/2026 purchase   401 A461p 343476 05/06/2026 C-3 05/06/2026 Books
© Copyright 2026. Chittagong University Library, Installation and Maintenance by Prof. Dr. Md. Alamgir, 01711306253